000 00710nam a22002177a 4500
999 _c14462
_d14462
003 AR-CdUCM
008 190423b ||||| |||| 00| 0 spa d
020 _a978-9972-58-524-1
040 _aMUNICIPALIDAD PROVINCIAL DEL CUSCO
_cBIBLIOTECA MUNICIPAL DEL CUSCO
082 _aPI / 803.6 /
_bV14
100 _aValdeos Benza, Karina Sofia
_933202
245 _aEl oso :
_bMelocotoso /
260 _aLima :
_bEdit. Septiembre SAC,
_c2007.
300 _a24 paginas ;
_bIlustraciones,
_c19 cm.
_eCD.
440 _aCuéntame un cuento de Miss Rosi
_933258
650 _aLiteratura infantil
_9588
650 _aCuento
_94671
710 _aQ.W.Editores SAC.
_933230
942 _2ddc
_cLIBROS
945 _arjall
_d2019-04-23